000 00328nam a22001337a 4500
008 170714b xxu||||| |||| 00| 0 eng d
020 _a9780981954387
041 _aeng
080 _a1(091)
100 _a23
101 _aFIL
245 _aA CONVENMENT HATRED THE HISTORY OF ANTISEMITISM
_cEVANS.S.H
942 _2udc
_cBK
999 _c20741
_d20741